Công nghệ mạ phục hồi

Bewaard in:
Bibliografische gegevens
Hoofdauteur: Diệp Văn Lâm
Formaat: Boek
Taal:Undetermined
Gepubliceerd in: Tp. HCM Nxb. Tp. HCM 1980
Onderwerpen:
Tags: Voeg label toe
Geen labels, Wees de eerste die dit record labelt!
Thư viện lưu trữ: Trung tâm Học liệu Trường Đại học Cần Thơ
LEADER 00460nam a2200169Ia 4500
001 CTU_11740
008 210402s9999 xx 000 0 und d
082 |a 671.7 
082 |b L250 
100 |a Diệp Văn Lâm 
245 0 |a Công nghệ mạ phục hồi 
245 0 |c Diệp Văn Lâm 
260 |a Tp. HCM 
260 |b Nxb. Tp. HCM 
260 |c 1980 
650 |a plate-metal work 
980 |a Trung tâm Học liệu Trường Đại học Cần Thơ